Marinades / (Record no. 305207)
[ view plain ]
| 000 -LEADER | |
|---|---|
| fixed length control field | 00622nam a2200229Ia 4500 |
| 008 - FIXED-LENGTH DATA ELEMENTS--GENERAL INFORMATION | |
| fixed length control field | 161112s9999 xx 000 0 und d |
| 020 ## - INTERNATIONAL STANDARD BOOK NUMBER | |
| International Standard Book Number | 978-1-84430-146-1 |
| 050 ## - LIBRARY OF CONGRESS CALL NUMBER | |
| Classification number | CUL TX 819.M26 |
| 050 ## - LIBRARY OF CONGRESS CALL NUMBER | |
| Item number | .G37 2004 |
| 100 ## - MAIN ENTRY--PERSONAL NAME | |
| Personal name | Garcia, Marie-Victoire. |
| 245 #0 - TITLE STATEMENT | |
| Title | Marinades / |
| 245 #0 - TITLE STATEMENT | |
| Statement of responsibility, etc | Marie-Victoire Garcia; photogpraphs by Akiko Ida; styling by Laura Zavan. |
| 260 ## - PUBLICATION, DISTRIBUTION, ETC. (IMPRINT) | |
| Place of publication, distribution, etc | United Kingdom : |
| 260 ## - PUBLICATION, DISTRIBUTION, ETC. (IMPRINT) | |
| Name of publisher, distributor, etc | Hachette illustrated, |
| 260 ## - PUBLICATION, DISTRIBUTION, ETC. (IMPRINT) | |
| Date of publication, distribution, etc | 2004 |
| 300 ## - PHYSICAL DESCRIPTION | |
| Extent | 62 pages : |
| 300 ## - PHYSICAL DESCRIPTION | |
| Other physical details | color illustrations ; |
| 300 ## - PHYSICAL DESCRIPTION | |
| Dimensions | 20 cm. |
| 440 ## - SERIES STATEMENT/ADDED ENTRY--TITLE | |
| Title | With friends. |
| 650 ## - SUBJECT ADDED ENTRY--TOPICAL TERM | |
| Topical term or geographic name as entry element | Marinades. |
| 650 ## - SUBJECT ADDED ENTRY--TOPICAL TERM | |
| General subdivision | Cooking. |
| Withdrawn status | Lost status | Damaged status | Home library | Current library | Shelving location | Date acquired | Total Checkouts | Full call number | Barcode | Date last seen | Price effective from | Koha item type |
|---|---|---|---|---|---|---|---|---|---|---|---|---|
| South Mansfield College | South Mansfield College | 01/09/2008 | CUL TX 819.M26 .G37 2004 | SMC03866 | 11/12/2016 | 11/12/2016 |